01368cam a2200265 a 450000100090000000300050000900500170001400800410003101000170007202000430008904000200013205000220015210000190017424501100019326000580030330000250036150400660038650502900045265000350074265000290077794200320080695201160083895201310095499900170108515989663PACU20150211151551.0091119s2010 enk b 001 0 eng  a 2009047333 a9780195395259 (cloth : acidfree paper) aPACUcPACUbeng00aHC 85b.C656 20101 aCollier, Paul.14aThe plundered planet :bwhy we must, and how we can, manage nature for global prosperity /cPaul Collier. aOxford ;aNew York :bOxford University Press,c2010. axv, 271 p. ;c22 cm. aIncludes bibliographical references (p. [245]-247) and index.0 aPoverty and plunder -- Is nature priceless? -- Cursed by nature? -- Discovering natural assets -- The capture of natural assets -- Selling the family silver -- Investing in investing -- Is a fish a natural asset? -- Natural liabilities -- Romance and hunger -- Restoring natural order. 0aNatural resourcesxManagement. 0aSustainable development. 2lcccBKhHC 85i.C656m2010 00104070aPACbPACd2014-03-13l7m1oHC 85.C656 2010p18661r2019-10-04 00:00:00s2019-09-20w2014-03-13yBK 00102lcc4070aPACbPACcGENd2020-11-10eDonationl0oHC 85 .C656 2010 C.2p26144r2020-11-10 00:00:00tC.2w2020-11-10yBK c14035d14035